000 00468nam a2200181Ia 4500
001 6154
003 IN-NITTTR
005 20251114233016.0
008 251113s9999||||xx |||||||||||||| ||eng||
040 _beng
040 _cIN-NITTTR
041 _aeng
082 _a621.37 S96C
100 _aSawhney, A. K.
245 2 _aA course in electrical measurements and measuring instruments. /
_cSawhney, A. K., Bhatia, P. L.
700 _a Bhatia, P. L.
942 _2ddc
_cBK
999 _c8792
_d8792